000
00227nam a22000857a 4500
008
160716b xxu||||| |||| 00| 0 eng d
100
_9
2951
_a
Dickens, C
245
_a
David Copperfield
260
_a
New Delhi
_b
Orient Publication
_c
2001
999
_c
2515
_d
2515